You've Got To Hide Your Love Away - The Beatles full Lyrics - Statistics

General Stats
  • This quiz has been taken 13 times
  • The average score is 93 of 113
Answer Stats
Answer % Correct
a
100%
go
100%
got
100%
hide
100%
love
100%
"Love
100%
to
100%
you
100%
your
100%
you've
100%
face
90%
hand,
90%
head
90%
hear
90%
Here
90%
Hey,
90%
I
90%
in
90%
in.
90%
me
90%
me,
90%
my
90%
say:
90%
say
90%
stand,
90%
the
90%
them
90%
them,
90%
Turn
90%
wall.
90%
away,
80%
away.
80%
can
80%
see
80%
she
80%
way"?
80%
all
70%
at
70%
clowns,
70%
find
70%
Gather
70%
How
70%
If
70%
laugh
70%
let
70%
never
70%
round,
70%
she's
70%
will
70%
win.
70%
can't
60%
even
60%
Feeling
60%
foot
60%
gone
60%
Hearing
60%
on,
60%
seeing
60%
small.
60%
try?
60%
two
60%
and
50%
could
50%
day.
50%
each
50%
every
50%
Everywhere
50%
I'm
50%
people
50%
stare
50%
state
50%
No matching quizzes found
Score Distribution
Percent of People with Each Score
Percentile by Number Answered
Your Score History
You have not taken this quiz